[Event "EICC 2017"]
[Site "Minsk"]
[Date "2017.06.05"]
[Round "6"]
[White "Svane, Rasmus"]
[Black "Rakhmanov, Aleksandr"]
[Result "1/2-1/2"]
[WhiteElo "2573"]
[BlackElo "2676"]
[Annotator "TA"]
[PlyCount "103"]
[EventDate "2017.??.??"]
[EventCountry "BLR"]
[SourceTitle "playchess.com"]
[Source "ChessBase"]
[SourceQuality "1"]

{[%evp 9,103,22,39,39,34,34,29,31,83,64,62,65,65,68,64,69,64,46,56,45,52,43,44,36,69,60,69,67,71,71,69,72,72,72,65,62,75,71,69,62,64,71,87,59,70,48,48,48,48,48,48,48,48,48,48,40,40,40,40,33,26,34,35,26,26,26,26,26,26,26,26,8,13,8,8,8,8,8,8,9,14,9,15,8,9,0,0,0,0,0,0,0,3,0,0,0]} 1. d4 d5 2. c4 e6 3. Nc3 a6 4. cxd5 exd5 5. Qb3 (5. Nf3 c6 6. e4 dxe4 7. Ng5 Be7 8. Bc4 Nh6 9. Ngxe4 Nf5 10. d5 O-O 11. Bf4 cxd5 12. Nxd5 Nc6 13. O-O {½-½ (30) Mamedyarov,S (2772)-Vallejo Pons,F (2710) Moscow 2017}) 5... Nc6 6. Nf3 {D31: Queen's Gambit Declined: Semi-Slav without ...Nf6 (+ Marshall Gambit and Noteboom) and Exchange Variation lines without ...Nf6} Bb4 7. Bf4 Nge7 8. e3 {White has an edge.} Bf5 ({Black should try} 8... Bd6 $14) 9. Be2 O-O 10. O-O Kh8 $146 ({Predecessor:} 10... Qd7 11. Rfd1 Rfd8 12. Rac1 h6 13. Ne5 Nxe5 14. Bxe5 Bxc3 15. Qxc3 {1-0 (64) Raineri de Luca,P (2095)-Lobos Barrenechea,M (2105) Buenos Aires 1997}) 11. Rac1 Bd6 12. Bxd6 ({Of course not} 12. Nxd5 Be6 $15) 12... Qxd6 13. Na4 ({Wrong is} 13. Qxb7 $2 Rfb8 $19) (13. Nh4 $5 {[%cal Rh4f5]}) 13... Nd8 14. Nc5 c6 15. Qc3 (15. Nxb7 $2 Nxb7 16. Qxb7 Rfb8 $17) 15... Bg4 16. Rfe1 Bxf3 17. Bxf3 f5 18. b4 Rb8 19. a4 Nf7 {[%cal Bd8f7,Bf7g5,Bg5e4][%mdl 32]} 20. g3 Ng5 21. Bg2 Ne4 22. Qb2 Ng8 23. b5 axb5 24. axb5 Nxc5 25. Rxc5 Ne7 26. Ra1 Ra8 27. bxc6 bxc6 28. h4 g6 29. Rca5 Rxa5 30. Rxa5 Rb8 31. Qa2 Kg7 32. Bf3 Qb4 33. Ra7 Qb1+ 34. Qxb1 Rxb1+ $14 {[%mdl 4096] Endgame KRB-KRN} 35. Kg2 Kf6 36. g4 h6 37. g5+ hxg5 38. hxg5+ Ke6 39. Ra8 Kf7 40. Rd8 f4 {The position is equal.} 41. Bg4 fxe3 42. fxe3 {Threatening Rd6.} c5 43. dxc5 {Hoping for Rd6.} Rc1 44. Rd6 {With the idea Be6+.} Rxc5 45. Be6+ Ke8 46. Kf3 {Kf4 is the strong threat.} d4 47. exd4 Rxg5 48. Kf4 Rg1 49. Ra6 {[#] And now Ra8+ would win.} Rf1+ 50. Kg5 (50. Ke4 $5 {[%cal Ra6a8]} Re1+ 51. Kf4 $14) 50... Nd5 51. Bxd5 Rf5+ 52. Kxg6 {Precision: White = 61%, Black = 77%.} 1/2-1/2

[Event "EICC 2017"]
[Site "Minsk"]
[Date "2017.06.05"]
[Round "6"]
[White "Gabuzyan, Hovhannes"]
[Black "Jones, Gawain C B"]
[Result "0-1"]
[WhiteElo "2570"]
[BlackElo "2654"]
[Annotator "TA"]
[PlyCount "114"]
[EventDate "2017.??.??"]
[EventCountry "BLR"]
[SourceTitle "playchess.com"]
[Source "ChessBase"]
[SourceQuality "1"]

{[%evp 20,114,0,-9,-5,-3,22,-14,-1,-16,-22,-23,-37,-90,-85,-97,-95,-87,-77,-100,-104,-95,-90,-98,-112,-110,-106,-104,-116,-113,-127,-124,-57,-76,-57,-52,-50,-40,-43,-53,-53,-53,-49,-85,-91,-85,-45,-55,-29,-37,-29,-33,-31,-30,-30,-38,-30,-29,-22,-22,-22,-21,0,-21,0,-21,-21,-21,-21,-23,-27,-28,-28,-28,-29,-73,-51,-80,-80,-359,-301,-533,-495,-931,-568,-1345,-1120,-29979,-29980,-29980,-29981,-29979,-29980,-29982,-29982,-29983,-29983]} 1. g3 g6 2. Bg2 Bg7 3. e4 c5 4. Ne2 Nc6 5. O-O Nf6 6. c4 d6 7. d3 Rb8 8. Nbc3 a6 9. a4 O-O 10. h3 Ne8 11. Be3 e5 {A36: Symmetrical English vs ...g6: 4 Bg2 Bg7} (11... Nc7 12. d4 b6 13. b3 Bd7 14. Ra2 e5 15. dxe5 dxe5 16. a5 Nd4 17. axb6 Rxb6 18. Bxd4 cxd4 19. Na4 Bxa4 20. Rxa4 {1-0 (44) Flores,D (2592)-Morovic Fernandez,I (2572) San Salvador 2016}) 12. f4 Nd4 13. Nd5 b5 {The position is equal.} 14. axb5 $146 (14. cxb5 {feels hotter.} Nxe2+ 15. Qxe2 exf4 16. Nxf4 Nc7 17. Qd2) ({Predecessor:} 14. cxb5 axb5 15. a5 Ra8 16. Nxd4 exd4 17. Bd2 Bb7 {½-½ (26) Eff,W-Berberich,C (2140) Germany 2005}) 14... axb5 15. cxb5 Nc7 16. Nec3 (16. Nxc7 $15 Qxc7 17. f5) 16... Nxd5 $17 17. Nxd5 exf4 18. Bxf4 Nxb5 19. h4 Nc7 20. Bg5 f6 21. Bf4 Nxd5 22. exd5 Rxb2 23. Re1 g5 24. Bc1 Rb7 $1 25. Ra8 {[#]} Qd7 (25... gxh4 $1 $17 {Threatens to win with ...f5.} 26. gxh4 f5) 26. Qe2 $15 Rb1 27. Qe6+ Qxe6 28. dxe6 {[#]} Bxe6 $1 {[%mdl 512]} 29. Rxe6 Rxc1+ 30. Kh2 $1 Rc2 31. Rxf8+ Bxf8 32. Rxf6 {[%mdl 4096] Endgame KRB-KRB} Be7 33. Re6 Kf7 34. Rh6 gxh4 {Hoping for ...Bf6.} 35. Rxh7+ Ke6 36. gxh4 Rd2 37. h5 $1 Bf6 {White must now prevent ...Be5+.} 38. h6 $1 Be5+ 39. Kg1 $1 Bd4+ 40. Kh2 $1 Be5+ 41. Kg1 $1 Bd4+ 42. Kh2 $1 Rxd3 43. Rc7 Be5+ 44. Kg1 Rd4 45. h7 $1 Rh4 46. Kf1 c4 {[%cal Bc5c4,Bc4c3][%mdl 32]} 47. Bb7 c3 {And now ...d5 would win.} 48. Ke2 d5 {[%cal Bd6d5,Bd5d4][%mdl 32]} 49. Rc6+ $2 {[%mdl 8192]} (49. Bc8+ $17 Kd6 50. Rd7+ Kc5 51. Rf7) 49... Kf5 50. Rc5 $2 {[#]} (50. Rc8 Ke4 51. Rc4+ Bd4 52. Rc7) 50... d4 $1 $19 51. Ba6 (51. Bg2 $142 Rxh7 52. Kd3) 51... Kf4 52. Bd3 Rh2+ 53. Kd1 Rd2+ {Black mates.} 54. Kc1 Rxd3 55. Rxe5 Rh3 56. Re8 Rxh7 57. Kc2 Rh2+ {Precision: White = 51%, Black = 67%.} 0-1

[Event "EICC 2017"]
[Site "Minsk"]
[Date "2017.06.05"]
[Round "6"]
[White "Bortnyk, Olexandr"]
[Black "Kessler, Luca"]
[Result "1/2-1/2"]
[WhiteElo "2567"]
[BlackElo "2431"]
[Annotator "TA"]
[PlyCount "250"]
[EventDate "2017.??.??"]
[EventCountry "BLR"]
[SourceTitle "playchess.com"]
[Source "ChessBase"]
[SourceQuality "1"]

{[%evp 17,250,26,20,20,32,21,39,38,34,36,47,36,58,51,77,74,80,55,97,47,44,62,94,66,77,-14,48,50,65,0,0,0,0,0,0,0,45,10,37,-19,0,-87,-90,-219,-212,-217,-220,-216,-202,-213,-190,-190,-176,-179,-156,-159,-79,-124,-20,-28,-13,-49,-48,-37,-6,-16,11,11,11,11,5,0,0,0,0,0,0,0,0,-6,-6,-20,0,-152,-152,-171,-172,-173,-170,-183,-179,-354,-330,-320,-268,-276,-98,-115,-98,-98,-98,-98,-98,-132,0,-98,-98,-98,-98,-106,0,-115,-115,-115,-115,-151,-113,-113,-114,-121,-122,-122,-122,-122,-129,-160,-140,-170,0,0,0,0,0,0,0,0,0,0,0,0,0,0,0,0,0,0,0,0,0,0,0,0,0,0,0,-152,-152,-152,-152,-152,-152,-152,-152,-152,-152,-152,-152,-152,-152,-152,-152,-152,-152,-152,0,-152,-152,-152,0,0,0,0,0,-152,-152,-152,-152,-152,-152,-152,-152,-152,-145,-145,-145,-152,-152,-152,-145,-152,-145,-152,-152,-152,-145,-138,0,0,0,0,0,0,0,0,0,0,0,0,0,0,0,0,0,0,0,0,0,0,0,0,0,0,0,0,0]} 1. e4 e5 2. Nf3 Nc6 3. Bb5 a6 4. Ba4 Nf6 5. d3 d6 6. c3 g6 7. O-O Bg7 8. Nbd2 O-O 9. Re1 b5 10. Bc2 {C77: Ruy Lopez: 3...a6 4 Ba4 Nf6, unusual lines} Nd7 11. Nf1 Bb7 12. Bg5 {White is slightly better.} Qc8 13. Qd2 Re8 14. Rad1 Nf8 15. Bh6 Nb8 16. d4 Nbd7 17. Ng3 Ne6 18. Bb3 Bh8 19. h4 Qd8 20. Ng5 Nxg5 21. hxg5 (21. Qxg5 $6 Qxg5 22. Bxg5 (22. hxg5 exd4 23. cxd4 c5 $17) 22... exd4 $11) (21. Bxg5 $16 Bf6 22. a3) 21... Nb6 ({Better is} 21... exd4 $1 $11 22. cxd4 c5) 22. f4 $14 exf4 23. Rf1 (23. Qxf4 $14 Nc4 24. Rd3 (24. Rf1 Qe7 $14) (24. Bxc4 bxc4 25. Qf3 Qe7 $11)) 23... Nc4 24. Rxf4 Re7 25. Qf2 Qe8 26. Rf1 Rd8 (26... c5 $5) 27. Bd1 c5 $1 {[%cal Bc7c5,Bc5d4][%mdl 32]} 28. b3 (28. Bg4 $14) 28... Nb6 $11 29. Rf6 (29. a3 $11) 29... cxd4 $1 $17 30. e5 (30. Bg4 $17) 30... dxe5 $19 31. Rxb6 e4 $1 32. Rxb7 Rxb7 33. Qf4 Re7 (33... dxc3 34. Nxe4 Qe5 35. Qf3 $17) 34. cxd4 Rxd4 {Strongly threatening ...Be5.} 35. Be2 Qd8 $1 36. Rc1 Re8 (36... Be5 $142 37. Qe3 Rd3 $1 {[%mdl 512]} 38. Bxd3 Bd4 39. Qxd4 Qxd4+ 40. Kh2 Rd7 41. Bxe4 Rd8) 37. Nf1 {[%cal Bg3f1,Bf1h2,Bh2g4][%mdl 32]} e3 (37... Be5 $17 38. Qg4 Qb6) 38. Qf3 $11 Qe7 39. Rc6 Rd6 40. Rc2 Bd4 41. Nh2 f6 42. gxf6 Bxf6 43. Ng4 Bg7 44. Bf4 Rd7 $36 {[%mdl 2048] Black is more active.} 45. Qh3 ({Don't blunder} 45. Qxe3 $2 Bd4 $19) (45. Bxe3 h5 $17) 45... Rd2 46. Rc7 Qxc7 47. Bxc7 Rxe2 48. Kh2 {Black must now prevent Qf3.} (48. Qf3 $5 {[%cal Rf3e2]} Re1+ 49. Kh2 $11) 48... Rc2 49. Ba5 $1 e2 (49... h5 $5 {[%cal Re8e4]} 50. Nxe3 Be5+ 51. Kg1 Bd4 $17) 50. Qd3 $2 (50. Qf3 $1 $11) 50... Rc1 $1 $17 ({Inferior is} 50... Rxa2 51. Be1 $14) 51. a4 e1=Q 52. Bxe1 Rcxe1 ({Weaker is} 52... Rexe1 53. Qd5+ Kf8 54. axb5 $11) 53. axb5 axb5 54. Qd6 $2 (54. Nf2 {was necessary.}) 54... h5 $19 55. Nf6+ Kf7 56. Nd7 Be5+ $2 (56... Ba1 $19 57. Qc7 Kg8) 57. Nxe5+ $17 R8xe5 {[%mdl 4096] Endgame KQ-KRR} 58. Qd7+ Kf6 59. Qd8+ Kf5 60. Qd7+ Kf6 61. Qd8+ $1 Kg7 62. Qd7+ Kh6 63. Qd8 Re8 (63... R1e3 $17 64. Qf8+ Kg5 65. Qd8+ Re7) 64. Qd7 (64. Qd5 $1 $11 {was the only way to keep the balance.}) 64... R1e5 $1 65. Qf7 R8e7 66. Qg8 Kg5 67. Qd8 Kf5 68. Qd3+ {[#]} Kf6 $1 69. Qd8 Kg7 70. Qd4 Kf7 71. Qf4+ Rf5 72. Qh6 Rf6 $2 (72... Re8 $19 73. b4 Kf6) 73. Qh7+ $11 Ke6 74. Qg8+ Kf5 75. Qd5+ $1 Re5 76. Qf3+ Ke6 77. Qc6+ $1 Kf7 78. Qb7+ Ke6 79. Qc6+ Kf7 80. Qb7+ Re7 81. Qxb5 Kg7 82. Qd5 Kh7 83. Qd8 Rff7 {Threatens to win with ...Rb7.} (83... Rfe6 {is interesting.} 84. Qb8 Ra6 85. b4 Raa7 86. Qf4 Re6) 84. b4 Rb7 85. Qd5 Rfe7 86. Qc5 $2 ({White should try} 86. Qd6 $11) 86... Re6 $17 87. b5 Reb6 88. Qc4 Rxb5 89. Qc6 Rb2 90. Qe4 Rf7 91. Qe6 Rbf2 92. Qe4 R2f5 93. Qe6 R5f6 94. Qe4 Rf4 95. Qe6 Rf2 96. Qe4 $1 Rd7 97. Qe6 Rdd2 $2 (97... Rff7 $17 {...Rfe7 is the strong threat.} 98. Kh3 Rd3+ 99. Kh2 Rb7) 98. Qe7+ $11 Kh6 99. Qe3+ Kg7 100. Qe7+ $2 (100. Qe5+ $11 Kf7 101. Kh3) 100... Rf7 $17 101. Qe5+ Kh7 102. Qe6 Rdd7 103. Qe3 Rde7 104. Qd2 Rf6 105. Qd8 Rfe6 106. Qd3 Re3 107. Qd4 Re2 108. Qd3 Rf2 109. Kh3 Ree2 110. Qd7+ Kh6 111. Qd4 {[#]} Rxg2 (111... Rf8 $1 $17 {Hoping for ...Rfe8.} 112. Qc3 Re7 113. Qc1+ Kh7) 112. Qh8+ $11 {The position is equal.} Kg5 113. Qxh5+ Kf4 {[%csl Ge2][%cal Rg2h2]} 114. Qh6+ (114. Qg4+ $5 Rxg4 $11) 114... Ke4 (114... Kf3 $5 115. Qf8+ $8 Ke3 116. Qc5+ Ke4 117. Qb4+ Kd5 $11) 115. Qh4+ Kf5 {( -> ...Rh2+)} (115... Kd3 $5 {[%cal Rg2h2]} 116. Qd8+ Kc2 $11) 116. Qg4+ Ke5 117. Qc8 Rgf2 {And now ...Re3+ would win.} 118. Kg3 Kf6 (118... g5 $5 {[%cal Rf2g2]} 119. Qc5+ Kf6 $11) 119. Qh8+ Kf7 120. Qh7+ Kf8 121. Qh8+ Kf7 122. Qh7+ Kf6 {Threatening ...Rg2+.} 123. Qh8+ Kg5 {aiming for ...Rg2+.} 124. Qh4+ Kf5 125. Qh3+ Kf6 {Precision: White = 55%, Black = 51%.} 1/2-1/2

[Event "EICC 2017"]
[Site "Minsk"]
[Date "2017.06.05"]
[Round "6"]
[White "Predke, Alexandr"]
[Black "Mochalov, Evgeny V"]
[Result "1-0"]
[WhiteElo "2566"]
[BlackElo "2378"]
[Annotator "TA"]
[PlyCount "69"]
[EventDate "2017.??.??"]
[EventCountry "BLR"]
[SourceTitle "playchess.com"]
[Source "ChessBase"]
[SourceQuality "1"]

{[%evp 19,69,51,68,11,20,16,22,12,23,7,16,15,23,20,89,88,91,81,86,44,42,0,60,61,128,47,41,45,120,141,167,159,187,197,379,379,379,362,370,370,364,306,550,550,538,526,570,565,912,903,1082,1070]} 1. e4 c5 2. Nc3 g6 3. Nf3 Bg7 4. d4 cxd4 5. Nxd4 Nc6 6. Be3 Nf6 7. Bc4 O-O 8. Bb3 e6 9. O-O d5 10. exd5 Nxd5 11. Bxd5 $146 {B35: Sicilian: Accelerated Dragon with 5 Nc3: main line} (11. Nxd5 $14 exd5 12. Qd2) ({Predecessor:} 11. Nxd5 exd5 12. c3 Na5 13. Qd3 Nxb3 14. axb3 a6 15. Qd2 Re8 16. Rfe1 Bd7 17. Nc2 Bc6 18. Bd4 f6 19. Rxe8+ Qxe8 {½-½ (27) Svidler,P (2728)-Carlsen,M (2690) Morelia/Linares 2007}) 11... exd5 $11 12. Qd2 Be6 13. Rad1 {The position is equal.} Rc8 14. Nxc6 Rxc6 15. Nb5 Ra6 ({Don't blunder} 15... Bxb2 $2 16. c4 $18) 16. Bc5 Rxa2 (16... Re8 $11 {keeps the balance.}) 17. Bxf8 $16 Qxf8 18. c3 {[%cal Bc2c3,Bc3c4,Bc4b5][%mdl 32]} Qc5 19. Qe2 Qb6 20. Rd2 Bd7 ({Black should play} 20... Bh6 $11 21. Rc2 Bg7) 21. c4 $1 $14 {aiming for Nc3.} ({Don't play} 21. Rxd5 Bc6 $15) 21... Bc6 ({Better is} 21... Qe6 $1 $14) 22. Rfd1 (22. Nd6 $16 Rxb2 23. cxd5 Rxd2 24. Qxd2) 22... Qc5 23. Na3 d4 {[#]} (23... dxc4 $14 24. Nxc4 (24. Qxc4 Qxc4 25. Nxc4 Bf8 $14) 24... h5) 24. Nb5 $1 $16 Qg5 {[%csl Gc6][%cal Rg5g2]} 25. g3 Bxb5 26. cxb5 h5 $2 (26... Bf6 {was called for.} 27. Rc2 Kg7) 27. Qe8+ $18 Bf8 28. Rc2 Qe7 29. Qxe7 Bxe7 30. Rxd4 {KRR-KRB} b6 $2 {[#]} (30... Bf6) 31. Rc8+ {White is clearly winning.} Kg7 32. Rc7 Kf8 33. Rdd7 Bc5 34. Rxf7+ Ke8 35. Rh7 {Precision: White = 67%, Black = 37%.} 1-0

[Event "EICC 2017"]
[Site "Minsk"]
[Date "2017.06.05"]
[Round "6"]
[White "Kryakvin, Dmitry"]
[Black "Molchanov, Oleksii"]
[Result "1-0"]
[WhiteElo "2560"]
[BlackElo "2334"]
[Annotator "TA"]
[PlyCount "63"]
[EventDate "2017.??.??"]
[EventCountry "BLR"]
[SourceTitle "playchess.com"]
[Source "ChessBase"]
[SourceQuality "1"]

{[%evp 12,63,15,14,20,14,32,36,30,28,29,30,27,22,43,10,12,14,31,12,73,73,73,75,93,50,48,46,37,29,63,64,64,72,73,70,77,70,62,22,80,74,103,64,418,110,555,559,548,548,546,552,522,533]} 1. c4 Nf6 2. Nf3 b6 3. g3 Bb7 4. Bg2 e6 5. O-O Be7 6. d4 {[%cal Bd2d4,Bd4d5][%mdl 32]} O-O 7. Re1 a5 {E17: Queen's Indian: 4 g3 Bb7 5 Bg2 Be7} (7... Na6 8. a3 d5 9. cxd5 exd5 10. b4 c6 11. Nc3 Nc7 12. Qb3 Ne6 13. a4 Rb8 14. Ba3 c5 15. Rad1 c4 {1-0 (31) Giri,A (2785)-Romanov,E (2636) Sochi 2017}) 8. Bf4 Nh5 $146 ({Predecessor:} 8... Qc8 9. Nc3 Ne4 10. Ne5 Nxc3 11. bxc3 Bxg2 12. Kxg2 d6 13. Nf3 a4 14. e4 Nd7 15. e5 dxe5 16. Nxe5 Nxe5 17. Bxe5 {½-½ (62) Feller,S (2626)-Fedorchuk,S (2648) Nancy 2015}) 9. Bd2 Nf6 {White is slightly better.} 10. Nc3 Ne4 11. d5 Nxd2 12. Qxd2 Bb4 13. a3 Bxc3 $1 14. Qxc3 d6 15. Nd2 {[%cal Bf3d2,Bd2c4,Bc4e3,Be3f5][%mdl 32]} exd5 (15... e5 $11) 16. cxd5 $16 a4 17. e4 Nd7 18. Nc4 f6 19. Ne3 Nc5 20. Nf5 Qd7 21. Nd4 Qf7 22. f4 {[%cal Bf2f4,Bf4f5][%mdl 32]} Bc8 23. f5 Qe7 24. Ne6 Bxe6 25. dxe6 {[%cal Bd5e6,Be6e7][%mdl 32]} Ra5 (25... Rab8 $11 {remains equal.}) 26. Rad1 Qe8 27. Rd4 Qh5 $2 {[%mdl 8192]} (27... Nb3 $14) 28. Bf3 $2 (28. e7 $18) 28... Qg5 $2 {[%mdl 8192]} (28... Qe8 $16 {is a better chance.} 29. Red1 Qe7) 29. e7 $18 {[#] White wants to mate with Qc4+.White is clearly winning.} Re8 30. Qc4+ Kh8 31. Qf7 {[%cal Rf7e8]} Raa8 32. e5 {Precision: White = 44%, Black = 31%.} 1-0

[Event "EICC 2017"]
[Site "Minsk"]
[Date "2017.06.05"]
[Round "6"]
[White "Boruchovsky, Avital"]
[Black "Kravtsiv, Martyn"]
[Result "1/2-1/2"]
[WhiteElo "2557"]
[BlackElo "2653"]
[Annotator "TA"]
[PlyCount "77"]
[EventDate "2017.??.??"]
[EventCountry "BLR"]
[SourceTitle "playchess.com"]
[Source "ChessBase"]
[SourceQuality "1"]

{[%evp 31,77,29,30,8,18,12,25,7,25,0,56,29,27,39,33,17,19,0,0,6,12,12,12,12,12,16,23,22,67,90,78,0,1,0,0,0,0,0,0,0,0,0,0,0,0,0,0,0]} 1. e4 e5 2. Nf3 Nc6 3. Bb5 a6 4. Ba4 Nf6 5. O-O Be7 6. Re1 b5 7. Bb3 d6 8. c3 O-O 9. h3 Bb7 10. d4 Re8 11. Nbd2 Bf8 12. a3 h6 13. Bc2 Nb8 14. b3 Nbd7 15. Bb2 g6 16. a4 Bg7 {LiveBook: 10 Games. C93: Closed Ruy Lopez: Smyslov Variation} (16... c6 17. Bd3 Nh5 18. g3 Bg7 19. Qc2 Qb6 20. Bf1 Rac8 21. Bg2 a5 22. Nf1 bxa4 23. bxa4 exd4 24. Nxd4 {½-½ (39) Leko,P (2723)-Caruana,F (2770) Malmo 2012}) 17. axb5 axb5 18. Bd3 Rxa1 $146 ({Predecessor:} 18... c6 19. Qc2 Qb6 20. c4 Rxa1 21. Bxa1 {0-1 (62) Nassr,A (2064)-Koksal,E (2205) Algiers 2012}) 19. Qxa1 c6 20. b4 Qc7 (20... d5 $11) 21. Qc1 Nh5 22. Bf1 Ba6 23. c4 bxc4 $1 24. Bxc4 Bxc4 25. Nxc4 exd4 (25... Nf4 $5 {[%cal Rf4d3]} 26. Qd2 h5 $14) 26. Bxd4 Nhf6 27. Bxf6 Nxf6 28. e5 dxe5 29. Ncxe5 Re6 30. b5 $1 {[%cal Re5c6]} c5 31. Qc4 (31. Nc4 $16 {Threatens to win with Rxe6.} Rxe1+ 32. Qxe1) 31... Ne8 $1 $11 {[%cal Rg7e5] The position is equal.} 32. Nc6 Rxe1+ 33. Nxe1 Bf8 34. Nd3 Qb6 35. Nce5 Nd6 36. Qd5 Qxb5 37. Nxc5 Qb1+ 38. Kh2 Qf5 39. Ncd3 {Precision: White = 46%, Black = 84%.} 1/2-1/2

[Event "EICC 2017"]
[Site "Minsk"]
[Date "2017.06.05"]
[Round "6"]
[White "Sturua, Zurab"]
[Black "Maliush, Andrei"]
[Result "1-0"]
[WhiteElo "2555"]
[BlackElo "2286"]
[Annotator "TA"]
[PlyCount "153"]
[EventDate "2017.??.??"]
[EventCountry "BLR"]
[SourceTitle "playchess.com"]
[Source "ChessBase"]
[SourceQuality "1"]

{[%evp 19,153,64,81,48,75,80,75,62,64,59,72,62,59,52,45,47,57,57,58,32,66,64,89,83,93,47,47,55,106,113,184,193,200,198,178,181,181,170,171,177,177,177,175,173,174,171,185,189,189,136,197,191,264,248,264,262,275,265,262,240,282,287,343,343,343,334,356,350,335,318,336,336,277,252,397,362,438,402,435,404,580,572,1369,1044,1238,1255,1143,1128,29965,29966,3238,14,14,0,0,0,16,19,41,27,39,39,6079,0,0,0,0,0,0,0,0,0,0,0,0,0,29939,29938,29943,29944,12847,29941,29941,29947,12850,29947,12679,12258,29959,29949,29964,29962,29974,29975,29972,29972]} 1. Nf3 Nf6 2. g3 g6 3. Bg2 Bg7 4. O-O O-O 5. d4 d6 6. b3 c5 7. Bb2 cxd4 8. Nxd4 a6 9. c4 Qc7 10. Nc3 Nc6 11. Nc2 {E65: King's Indian: Fianchetto: 6...c5 7 0-0 without d5 by White} Rb8 12. Nd5 $146 ({Predecessor:} 12. Rc1 Qa5 13. Qd2 Qh5 14. Ne3 Re8 15. Ncd5 Nxd5 16. cxd5 Ne5 17. Rc7 Bh3 18. Rfc1 Bxg2 19. Kxg2 {1-0 (31) Szuhanek,R (2489)-Mrkonjic,N (2380) Bijeljina 2015}) 12... Nxd5 13. Bxg7 {White is better.} Kxg7 14. cxd5 Ne5 15. Rc1 Qb6 16. Qd4 Qxd4 17. Nxd4 Nd7 18. Rc7 Re8 19. f4 Nb6 20. e4 {[%cal Be2e4,Be4e5][%mdl 32]} Bd7 21. Rfc1 $36 {[%mdl 2048] Black is under strong pressure.} Rec8 22. R1c2 Kf8 23. e5 Bf5 (23... Rxc7 $14 24. Rxc7 dxe5 25. fxe5 Be8) 24. Nxf5 $16 Rxc7 (24... gxf5 $16 25. exd6 exd6) 25. Rxc7 $18 gxf5 26. exd6 exd6 $16 {[%mdl 4096] Endgame KRB-KRN} 27. Bf3 $1 Nc8 28. Bh5 $1 Ne7 29. Rd7 Rc8 30. Rxd6 Rc1+ 31. Kg2 Rc2+ 32. Kh3 Rxa2 33. Rd8+ Kg7 34. d6 (34. Rd7 $18 Kf6 35. Rxb7) 34... Ng8 (34... Ng6 $16 35. Bf3 Nf8 36. Bxb7 Ne6) 35. Rd7 $18 Nh6 (35... Kh6 $142) 36. Rxb7 Rd2 37. d7 a5 38. Ra7 Kf6 39. Bf3 Ke7 40. Ra6 ({But not} 40. Rxa5 Kxd7 41. b4 Rb2 $18) 40... Ng4 41. Bxg4 fxg4+ 42. Kxg4 Rxh2 43. Rxa5 Kxd7 {KR-KR} 44. Re5 Rh6 45. b4 {[%cal Bb3b4,Bb4b5,Bb5b6,Bb6b7][%mdl 32]} Rg6+ 46. Kf3 Rb6 (46... Rc6 $142 47. Rc5 Ra6) 47. b5 Rb8 48. Ke4 Rg8 49. Rd5+ Ke6 (49... Ke7 $142 50. Kf3 Rg6) 50. b6 Rxg3 51. f5+ Ke7 52. Rb5 $1 Rg8 53. Kd5 h5 54. b7 Rb8 55. Rb6 $2 (55. Kc6 $1 $18 Kf6 56. Kc7) 55... Kd7 $11 56. Rf6 Ke7 $1 {[%cal Re7f6]} 57. Rb6 Kd7 58. Ke5 Kc7 59. Rf6 Re8+ $1 60. Kf4 Rf8 $2 {[%mdl 8192]} (60... Kxb7 $14 61. Rxf7+ Kc6) 61. Rh6 $2 (61. Kg5 $1 $18 {[%cal Rg5h5]} Kxb7 62. Kxh5) 61... f6 $1 62. Rh7+ (62. b8=Q+ $5 Rxb8 63. Rxf6 $11) 62... Kb8 63. Ke4 {Kd5 is the strong threat.} Rd8 64. Rxh5 Kxb7 65. Rh7+ Kc6 66. Rf7 Rd6 67. Kf3 Kd5 $2 {[%mdl 8192]} (67... Rd3+ $11 68. Kg4 Kd6) 68. Kg4 $1 {[%cal Rg4h5]} Ra6 {[#]} 69. Kh5 $1 {[%cal Rh5g6]} Ke5 70. Kg6 Rb6 71. Re7+ Kf4 72. Re6 Rb8 73. Ra6 Ke5 {[#]} 74. Ra5+ $1 {White mates.} Kf4 75. Kxf6 Rb6+ 76. Kg7 Rb7+ 77. Kg6 {Precision: White = 78%, Black = 44%.} 1-0